[Event "YUG-ch"]
[Site "Podgorica"]
[Date "1996.??.??"]
[Round "9"]
[White "Blagojevic, Dragisa"]
[Black "Kosic, Dragan"]
[Result "1/2-1/2"]
[WhiteElo "2450"]
[BlackElo "2515"]
[Annotator "Lutz,C"]
[PlyCount "89"]
[EventDate "1996.02.??"]
[EventType "tourn"]
[EventRounds "15"]
[EventCountry "YUG"]
[EventCategory "9"]
[SourceTitle "CBM 053"]
[Source "ChessBase"]
[SourceDate "1996.08.01"]
[SourceVersion "1"]
[SourceVersionDate "1996.08.01"]
[SourceQuality "1"]

1. d4 d5 2. c4 c6 3. Nf3 Nf6 4. Nc3 e6 5. e3 Nbd7 6. Bd3 dxc4 7. Bxc4 b5 8. Bd3
a6 9. e4 c5 10. e5 cxd4 11. Nxb5 axb5 12. exf6 gxf6 {Seit der Partie Alterman,
B-Chernin,A/Groningen PCA 1993 hat diese Variante die theoretisch ausgetretene
Zugfolge 11...Ne5 12.Ne5 ab5 abgelöst. Da Schwarz kaum Probleme hat, werden
die theoretischen Schlachten seitdem in der Reynolds-Variante 10.d5
ausgetragen.} 13. O-O (13. Nxd4 Qb6 14. Be3 Bb4+ 15. Kf1 Bc5 16. Bxb5 e5 $1 17.
Bxd7+ Bxd7 18. Qf3 Qa6+ 19. Ne2 Rg8 20. Bxc5 Bc6 21. Qh5 Bxg2+ 22. Ke1 Bxh1 23.
Qxh7 O-O-O $1 24. Rc1 Kb8 25. Qxf7 Bd5 26. Qh5 Qd3 27. Qh4 Bc4 $1 {0-1
Alterman,B-Chernin,A/Groningen PCA (03) ;CBM 39 1993}) 13... Qb6 14. Be4 (14.
Qe2 Ba6 15. a4 Nc5 16. axb5 Bb7 17. Rxa8+ Bxa8 $13 {Lautier,J-Illescas Cordoba,
M/Las Palmas (06) ;CBM 42 1994/0-1 (48)}) 14... Bb7 15. Bxb7 Qxb7 16. Nxd4 Rg8
17. f3 {Der Hauptzug, der allerdings auch keinen Vorteil verspricht. Im
Gegenteil, die Statistik bevorzugt den Nachziehenden.} (17. Qf3 Qxf3 18. Nxf3
Rg4 $10 {1/2-1/2 Speelman,J-Smyslov,V/Hastings A1 ;CBM 11 1988}) 17... Bc5 (
17... Ne5) 18. Kh1 (18. Be3 Ne5 19. Qe2 Qb6 20. Rfd1 (20. Nc2 Ke7 $10 {Shirov,A
}) 20... Ra4 21. Nc2 (21. Rac1 $5 {Shirov} Nc4 22. Bf2 Rxa2 23. Rc2 Rg5 24. b4
$5 Rxc2 25. Qxc2 Bxb4 26. Qxh7 Rd5 $132 {Shirov,A}) 21... Rh4 22. Qf2 $1 Qc7
23. Bxc5 $1 Nxf3+ 24. Kf1 $4 (24. Qxf3 Qxh2+ 25. Kf1 Rf4 26. Qxf4 Qxf4+ 27. Bf2
Rg5 (27... Qc4+ 28. Kg1 Qxc2 29. Rac1 $18 {Shirov,A}) 28. Ne3 Rh5 $14 {Shirov,A
}) 24... Nxh2+ 25. Ke1 (25. Kg1 {Shirov} Rf4 26. Rd8+ Kxd8 27. Bb6 Rxg2+ 28.
Qxg2 Qxb6+ $19 {Shirov,A}) 25... Rf4 26. Bd6 $6 Rxf2 27. Bxc7 Rgxg2 $1 28. Bxh2
Rxc2 {0-1 Van der Sterren,P-Shirov,A/BL 9596 ;CBM 51 1996}) 18... Ra4 19. Ne2
Qb8 20. Qe1 Bd6 21. b3 Ra6 22. Qh4 Ke7 23. Bf4 Ne5 24. Rfd1 b4 25. Ng3 Ng6 26.
Bxd6+ Rxd6 27. Qe4 Rxd1+ 28. Rxd1 Rc8 29. Nf5+ Kf8 30. Ne3 Kg7 31. Nc2 Qa7 32.
Nxb4 Qa3 33. h3 Rb8 34. Rd4 Qc1+ 35. Kh2 f5 36. Qc2 Qe3 37. Qd3 Qf2 38. Qc3 e5
39. Rd2 Qh4 40. Nd5 f4 41. Re2 Rd8 42. Rxe5 Nxe5 43. Qxe5+ f6 44. Qc7+ Kh6 45.
Qxd8 1/2-1/2

[Event "Cannes m1"]
[Site "Cannes"]
[Date "1999.10.22"]
[Round "7"]
[White "Tkachiev, Vladislav"]
[Black "David, Alberto"]
[Result "1-0"]
[WhiteElo "2648"]
[BlackElo "2544"]
[Annotator "Lutz,C"]
[PlyCount "43"]
[EventDate "1999.10.15"]
[EventType "match"]
[EventRounds "8"]
[EventCountry "FRA"]
[SourceTitle "CBM 074"]
[Source "ChessBase"]
[SourceDate "2000.02.01"]
[SourceVersion "1"]
[SourceVersionDate "2000.02.01"]
[SourceQuality "1"]

1. d4 d5 2. c4 c6 3. Nc3 Nf6 4. e3 e6 5. Nf3 Nbd7 6. Bd3 dxc4 7. Bxc4 b5 8. Bd3
a6 9. e4 c5 10. e5 cxd4 11. Nxb5 axb5 $6 12. exf6 gxf6 13. O-O Qb6 14. Qe2 b4 {
So muss sich Schwarz erst einmal keine Sorgen um den b-Bauern machen,
allerdings ist da immer noch der unrochierte König...} (14... Ba6 {1-0
Tkachiev,V-Van der Wiel,J/Cannes 1999/CBM 74_02/[Lutz] (40)}) 15. Rd1 Bc5 16.
Bf4 Bb7 17. Be4 Ba6 (17... Ra7 18. Bxb7 Rxb7 19. Rac1 $36) 18. Qd2 Rd8 19. Rac1
h5 $2 {Dies erlaubt Weiß, den Pd4 zutückzugewinnen. Offenbar hatte David den
21.Zug von Weiß übersehen.} (19... e5 {verteidigt vorerst den Mehrbauern,
allerdings hat Weiß weiterhin Angriff, z.B.} 20. Bh6 (20. Bg3 $5 $44 {/\ Nh4-f5
}) 20... Qe6 $5 21. Re1 (21. Nh4 Qg4) 21... Rg8 22. Nxd4 $5 Bxd4 23. Rc6 Qxa2
24. Qxd4 $1 exd4 25. Bd5+ Ne5 26. Bxa2 Kd7 (26... Rxg2+ 27. Kxg2 Bb7 28. f4 $16
) (26... Bb7 27. Rxf6 Rxg2+ 28. Kf1 $18) 27. Rxf6 $16) 20. Nxd4 $1 $16 Nb8 $2 (
20... Bb7 21. Bxb7 Qxb7 22. Nxe6 Bxf2+ (22... fxe6 23. Rxc5 $18) 23. Qxf2 fxe6
24. Rc7 $18) (20... Bxd4 21. Qxd4 Qxd4 22. Rxd4 e5 23. Rd6 exf4 24. Rxa6 $16)
21. Rxc5 $1 $18 Qxc5 22. Bxb8 (22. Bxb8 Rxb8 23. Nc6 Z0 $140 24. Qd8+ Rxd8 25.
Rxd8#) 1-0

[Event "Sigeman & Co 12th"]
[Site "Malmo/Copenhagen"]
[Date "2004.05.04"]
[Round "5"]
[White "Hillarp Persson, Tiger"]
[Black "Hector, Jonny"]
[Result "1-0"]
[WhiteElo "2513"]
[BlackElo "2512"]
[Annotator "Lutz,C"]
[PlyCount "81"]
[EventDate "2004.04.30"]
[EventType "tourn"]
[EventRounds "9"]
[EventCountry "SWE"]
[EventCategory "13"]
[SourceTitle "CBM 101"]
[Source "ChessBase"]
[SourceDate "2004.07.27"]
[SourceVersion "1"]
[SourceVersionDate "2004.07.27"]
[SourceQuality "1"]

1. d4 d5 2. c4 c6 3. Nc3 Nf6 4. e3 e6 5. Nf3 Nbd7 6. Bd3 dxc4 7. Bxc4 b5 8. Bd3
a6 9. e4 c5 10. e5 cxd4 11. Nxb5 axb5 12. exf6 gxf6 13. O-O Qb6 14. Qe2 b4 {
Das erscheint besser als die Alternative 14...Ba6.} (14... Ba6 {1/2-1/2
Sasikiran,K-Goloshchapov,A/Dubai 2004/CBM 101/[Lutz] (29)}) 15. Rd1 Bc5 (15...
Bb7 $5 16. Nxd4 Rg8 17. Nf3 Ne5 18. Be4 Rg4 19. Nxe5 Rxe4 20. Qd3 Rd8 $5 $13 (
20... Bd5 $2 21. Nd7 $1 Qd8 22. Nxf8 Kxf8 23. Be3 Kg7 24. f3 Rc4 25. b3 Rcc8
26. Qd4 Qe7 27. Rac1 Rab8 $2 28. Rxc8 Rxc8 29. Qg4+ Kh8 30. Rxd5 Rg8 31. Qe4 {
1-0 Wells,P-Peschel,A/Regensburg 1998/EXT 2000 (31)})) 16. a4 $5 (16. Bf4 $5 h5
$5 (16... Bb7 17. Be4 Ba6 (17... Ra7 18. Bxb7 Rxb7 19. Rac1 $36) 18. Qd2 Rd8
19. Rac1 h5 $2 (19... e5 $5) 20. Nxd4 $1 $16 Nb8 $2 21. Rxc5 $1 $18 Qxc5 22.
Bxb8 {1-0 Tkachiev,V-David,A/Cannes 1999/CBM 74/[Lutz] (22)}) 17. Rac1 Rg8 18.
Bg3 Rxa2 19. Bb5 (19. Nxd4 h4 20. Bxh4 Bb7 21. Nf3 Rxb2 22. Qxb2 Bxf3 23. Bf1
Bxd1 24. Rxd1 Rg4 25. Bg3 $13) 19... Ke7 20. Nxd4 Bxd4 21. Qc4 (21. Rc6 Rxb2
22. Bd6+ Kd8 23. Qc4 Bb7) 21... Rxg3 $19 {0-1 Milov,V-Filippov,V/Merida 2002/
CBM 91 ext (32)}) 16... bxa3 (16... h5 $5 17. Bf4 Kf8 18. Qd2 Bb7 19. Be2 Rg8
20. Bg3 Bd5 21. Nxd4 Rg5 22. Nf3 Rxg3 23. hxg3 Bxf2+ 24. Kh2 Nc5 $13 {0-1
Krivoshey,S-Pavasovic,D/Graz 2001/EXT 2002 (36)}) 17. bxa3 Bb7 18. Be4 {
Weiß muss durch energisches Spiel gegen den unrochierten schwarzen König sein
vorübergehendes Bauernopfer rechtfertigen.} (18. a4 Rd8 19. a5 Qc6 20. Bb5 Qd5
21. Ba3 Rg8 22. Kf1 Bxa3 23. Rxa3 Qc5 24. Qb2 Bxf3 25. Rxf3 Rg5 26. Bxd7+ Rxd7
27. Ra3 Qc6 28. f3 Qa6+ 29. Kg1 Rxa5 30. Rxa5 Qxa5 31. Ra1 Qc3 32. Ra8+ Ke7 {
0-1 Van der Stricht,G-Acs,P/Plovdiv 2003/CBM 98 no vc (32)}) 18... Ba6 19. Qe1
Rd8 20. Bd2 Qd6 21. Bb4 $1 $146 {Eine Neuerung gegen über einer Partie von
Lautier. Hilarp Persson hat erkannt, dass es keinen Sinn macht, den schwarzen
Turm von d8 nach b8 zu treiben.} (21. Ba5 Rb8 22. Bb4 d3 23. Qc3 Ke7 $13 {
0-1 Lautier,J-Acs,P/Plovdiv 2003/CBM 98/[Lutz] (38)}) 21... d3 22. Qc3 Qb6 (
22... Ke7 23. Bxd3 Bxb4 24. axb4 $16 {Stände der schwarze Turm jetzt auf b8,
wäre nun 24...Tfc8 nebst ...Bxd3 und Qxb4 möglich. So aber hat Weiß deutlichen
Vorteil, da er den Bauern bei andauerndem Angriff gegen den König
zurückgewonnen hat.}) 23. Qd2 (23. Ba5 Bxf2+ 24. Kh1 Qc5) 23... Ne5 $2 {
Ein Übersehen, aber auch nach anderen Zügen hat Schwarz Probleme.} (23... Bxb4
24. axb4 $36) (23... f5 24. Bxd3 Bxd3 (24... Bxb4 25. Qxb4 Qxb4 26. axb4 $36)
25. Ba5 $1 Bxf2+ 26. Kh1 $18) 24. Nxe5 fxe5 25. Ba5 $18 Bxf2+ 26. Kf1 Qc5 (
26... Qd4 27. Bc6+ Ke7 28. Bb4+ $18) 27. Rac1 Qd4 28. Bc6+ Rd7 29. Bxd7+ Qxd7
30. Kxf2 Rg8 31. g3 Qd5 32. Rc7 Rg6 33. Qb4 Rf6+ 34. Kg1 Qd4+ 35. Qxd4 exd4 36.
Rb1 Kf8 37. Rb6 Rf5 38. Bb4+ Kg7 39. Rxa6 Rb5 40. Rc1 e5 41. Ra5 1-0

[Event "Cannes m2"]
[Site "Cannes"]
[Date "1999.11.16"]
[Round "4"]
[White "Tkachiev, Vladislav"]
[Black "Van der Wiel, John"]
[Result "1-0"]
[WhiteElo "2648"]
[BlackElo "2544"]
[Annotator "Lutz,C"]
[PlyCount "79"]
[EventDate "1999.11.13"]
[EventType "match"]
[EventRounds "10"]
[EventCountry "FRA"]
[SourceTitle "CBM 074"]
[Source "ChessBase"]
[SourceDate "2000.02.01"]
[SourceVersion "1"]
[SourceVersionDate "2000.02.01"]
[SourceQuality "1"]

1. d4 Nf6 2. c4 c6 3. Nc3 d5 4. e3 e6 5. Nf3 Nbd7 6. Bd3 dxc4 7. Bxc4 b5 8. Bd3
a6 9. e4 c5 10. e5 cxd4 11. Nxb5 axb5 $6 {Diese Variante ist in letzter Zeit
in Verruf geraten.} (11... Nxe5 $143) 12. exf6 gxf6 13. O-O Qb6 14. Qe2 Ba6 (
14... b4 {1-0 Tkachiev,V-David,A/Cannes 1999/CBM 74_02/[Lutz] (22)}) 15. Rd1 $1
{Dieser starke Zug aus Gelfand-B-Shirov,A (Linares 1997) stellt Schwarz vor
Probleme.} Rd8 (15... Nc5 {1-0 Wells,P-Ivanisevic,I/Szeged 1997/CBM 62/[Lutz] 
(32)}) (15... Bc5 {1/2-1/2 Gelfand,B-Shirov,A/Linares 1997/CBM 57/[Shirov] (44)
}) 16. b4 $5 $146 {Weiß will mit diesem Bauernopfer verhindern, dass der
Springer nach c5 gelangt.} (16. a4 Nc5 17. axb5 Bb7 18. Bc2 Rg8 19. Bf4 Rg4 20.
Bg3 h5 21. Kh1 Ne4 22. Bxe4 Rxe4 $132 {1-0 Seres,L-Mann,G/HUN 1998/EXT 2000 
(38)}) 16... Bxb4 17. Rb1 Bc5 $5 {Hier gerät der Läufer unter Angriff und
nimmt dem Nd7 ein Feld weg.} (17... Bc3 $5 18. Ba3 {mit der Idee Bxb5}) 18. Bf4
Rg8 {Schwarz kann nicht rochieren, da dann sein König ein Opfer der weißen
Figuren wird.} (18... O-O $2 {[%tqu "De","Wie kann Weiß den schwarzen König
angreifen ?","Die weiße Dame würde gern nach g4 oder h5 gelangen. Außerdem
kann ein Turm auf der dritten Reihe kräftige Wirkung entfalten.","","f3e5","",
10]} 19. Ne5 $1 {Öffnet Linien für die weißen Figuren. Die schwarzen Figuren
am Damenflügel sind lediglich Zuschauer.} Nxe5 20. Bxe5 fxe5 (20... f5 21. Bf6
$18) 21. Bxh7+ $1 Kg7 (21... Kh8 22. Qh5 Rg8 23. Bg6+ Kg7 24. Qh7+ Kf6 25.
Qxf7+ Kg5 26. h4+ Kxh4 27. Qf6+ Kg4 28. f3+ Kg3 29. Qg5#) (21... Kxh7 22. Qh5+
Kg7 23. Qg5+ Kh7 24. Rd3 $18) 22. Qg4+ Kf6 23. Qh4+ Kg7 24. Qg5+ $18) 19. Bg3
Ra8 20. a3 $5 {Ein bemerkenswerter Zug. Weiß könnte den Pb5 direkt
zurückgewinnen, dies liesse Schwarz aber zur Entlastung kommen. Stattdessen
hält er die Spannung aufrecht, der Textzug verhindert ...b4} (20. Bxb5 Bxb5 21.
Rxb5 Qc6 {ist nicht klar. Im Angriffssinne ist der Pa2 unwichtig.} (21... Rxa2
$2 22. Qxa2 Qxb5 23. Qa8+ $18)) 20... Qa7 (20... Bxa3 21. Nxd4 $5 (21. Bxb5
Bxb5 22. Rxb5 Qa6 23. Nxd4 $44) 21... Qxd4 22. Be4 Qa7 23. Qf3 Rc8 24. Qxa3 $40
) 21. Rdc1 Rxg3 $5 {Gibt die Qualität, um wenigstens ein paar aktive Züge zu
machen. Ansonsten ist es schwierig, eine Fortsetzung für Schwarz vorzuschlagen,
denn Weiß kann nach Belieben seine Stellung verstärken.} (21... Bxa3 22. Rc7
Qb6 23. Bxb5 Bxb5 24. Rxb5 Qa6 25. Qe4 $40 {gefiel Schwarz anscheinend nicht.})
22. hxg3 Bxa3 23. Rd1 Bc5 24. Bxb5 $16 {Weiß hat die Qualität mehr und Angriff.
} Bxb5 25. Rxb5 Qa4 26. Qd3 Rd8 27. Rc1 Ba7 28. Rcb1 Nc5 29. Qxh7 d3 30. R5b4
Qa2 31. R4b2 Qa6 32. Qg7 Ke7 33. Nh4 $1 $18 {Die folgende Springerwanderung
macht die schwarzen Hoffnungen zunichte.} Rd7 34. Ng6+ Kd6 35. Nf8 Ne4 36. Nxd7
d2 37. Nb6 Qe2 38. Qf8+ Ke5 39. Rb5+ Kd4 40. Qb4+ 1-0

[Event "WchT 6th"]
[Site "Beersheba"]
[Date "2005.11.04"]
[Round "4.4"]
[White "Bareev, Evgeny"]
[Black "Karjakin, Sergey"]
[Result "1/2-1/2"]
[WhiteElo "2675"]
[BlackElo "2658"]
[Annotator "Lutz,C"]
[PlyCount "117"]
[EventDate "2005.11.01"]
[EventType "team-tourn"]
[EventRounds "9"]
[EventCountry "ISR"]
[SourceTitle "CBM 110"]
[Source "ChessBase"]
[SourceDate "2006.01.31"]
[SourceVersion "1"]
[SourceVersionDate "2006.01.31"]
[SourceQuality "1"]
[WhiteTeam "Russia"]
[BlackTeam "Ukraine"]
[WhiteTeamCountry "RUS"]
[BlackTeamCountry "UKR"]

1. d4 d5 2. c4 c6 3. Nc3 Nf6 4. e3 e6 5. Nf3 Nbd7 6. Bd3 dxc4 7. Bxc4 b5 8. Bd3
a6 9. e4 c5 10. e5 cxd4 11. Nxb5 axb5 12. exf6 gxf6 13. O-O Qb6 14. Qe2 Ba6 15.
a4 $5 {Dieser Zug ist schon etwas älter, aber Bareev hat eine neue Idee parat.
Als der kritische Zug galt zuletzt 15.Rd1.} (15. Rd1 $1 {1/2-1/2 Sasikiran,
K-Goloshchapov,A/Dubai 2004/CBM 101/[Lutz] (29)}) 15... Nc5 (15... Bd6 $6 16.
a5 $1 Qc5 17. Qe4 Rb8 18. b4 $1 Qh5 19. Qxd4 $16 {Lautier,J-Morovic Fernandez,
I/Dos Hermanas/1994/}) 16. axb5 Bb7 17. Rxa8+ Bxa8 18. Nxd4 $5 $146 {Diese
Neuerung beinhaltet ein Figurenopfer, welches Schwarz jedoch nicht akzeptieren
kann.} (18. Bf4 $5 Bd6 19. Bg3 Bxg3 20. hxg3 Bxf3 $1 (20... Nxd3 21. Qxd3 e5 $2
22. Qa3 $16) (20... e5 $2 21. Nxe5) (20... Ke7 21. Nxd4 Rd8 22. Qe3 $1 Nxd3 23.
Nf5+ $18) (20... Qd6 21. Rd1 e5 22. Bf5 Rf8 23. b4 $16) 21. gxf3 (21. Qxf3 Nxd3
22. Qxd3 O-O 23. Rd1 Rb8 $10) 21... Ke7 $5 $132 {1/2-1/2 Bareev,E-Shirov,A/
Novgorod 1994/CBM 43/[Hansen,LB] (36)} (21... Nxd3 $5 22. Qxd3 O-O 23. Kg2 $13
{1/2-1/2 Etchegaray,P-Pavasovic,D/Cannes 1996/CBM 51 ext (28)})) (18. Bc4 Nd7
19. Bf4 Bd6 20. Bg3 Bxg3 21. hxg3 Ke7 $15 {Lautier,J-Illescas Cordoba,M/Las
Palmas/1994/}) (18. b4 Nxd3 19. Qxd3 e5 20. Bd2 Bd5 21. Re1 Be7 22. Qf5 Qb7 23.
Nh4 Be6 24. Qd3 Kd7 25. Nf5 Rg8 26. Ng3 h5 $17 {0-1 Domotor,J-Lazovic,G/
Zalakaros 1995/EXT 97 (42)}) 18... Qd6 19. b6 Nxd3 {Schwarz kann es sich nicht
leisten, den Springer zu kassieren.} (19... Qxd4 20. Bb5+ Ke7 (20... Kd8 21.
Rd1 $18) 21. Be3 Qd5 22. f3 $1 $16 {und Schwarz hat keine Verteidigung gegen
Rc1 nebst Rd1, z.B.} Qe5 23. Rc1 Kd8 (23... Nb3 24. Rc7+ Kd8 25. b7 Bxb7 26.
Rxb7 $18) 24. Qd2+ Qd5 25. Qc3 Be7 26. b4 $18) 20. Qxd3 Qxb6 21. Be3 {Weiß
spielt auf den unrochierten König des Gegners. Schwarz muss genau agieren.} Qb7
{Schwarz provoziert f2-f3. Dadurch wird einerseits die Diagonale c5-g1
geöffnet und andererseits die dritte Reihe für die weiße Dame verstellt.} 22.
f3 Be7 23. Bh6 Bf8 24. Be3 (24. Bxf8 Kxf8 $11 {nebst ...Kg7, und Weiß fehlt
das Schach auf g3.}) 24... Be7 25. Bh6 Bf8 26. Nf5 Qd5 (26... exf5 27. Qxf5
Qb6+ (27... Bxh6 28. Re1+ Kf8 29. Qxf6 $18) 28. Kh1 Qe6 (28... Bxh6 29. Qc8+
Ke7 30. Qxh8 $16) 29. Qb5+ Qd7 30. Re1+ Be7 31. Qa5 Bc6 (31... Bd5 32. Rd1) 32.
Bg7 $18) 27. Qxd5 (27. Ng7+ Bxg7 28. Qxd5 Bxd5 29. Bxg7 Rg8 30. Bxf6 $14) 27...
Bxd5 28. Bxf8 Rxf8 29. Ne3 Bc6 30. Rc1 Bd7 (30... Kd7 31. Ng4 $16) 31. Rc7 Ke7
32. Rb7 Rc8 33. b3 Kd8 (33... f5 34. Nc4 $16 {mit der Idee Ne5 bzw. Rxd7 und
Nb6}) 34. Ng4 Ke7 35. Nxf6 Kxf6 36. Rxd7 Rc3 37. Rb7 $14 {Weiß hat zwar einen
Mehrbauern, aber wegen des aktiven schwarzen Turms kann Weiß diesen nicht
verwerten.} h5 38. h4 Kg6 39. b4 Rb3 40. Rb8 Rb2 41. b5 Kg7 42. b6 e5 43. b7 f5
44. Kf1 e4 45. Ke1 Kh7 46. Kd1 Kg7 47. Kc1 Rb6 48. Kd2 Rb5 49. Kc3 Rb6 50. Kd4
Rb5 51. Kc4 Rb1 52. Kd5 e3 53. Re8 Rxb7 54. Rxe3 Rb2 55. Ke5 Rxg2 56. Kxf5 Rg3
57. Ra3 Kh6 58. Kf4 Rh3 59. Ke4 1/2-1/2

[Event "RUS-ch Superfinal"]
[Site "Moscow"]
[Date "2005.12.27"]
[Round "8"]
[White "Dreev, Alexey"]
[Black "Bareev, Evgeny"]
[Result "1-0"]
[WhiteElo "2694"]
[BlackElo "2675"]
[Annotator "Lutz,C"]
[PlyCount "65"]
[EventDate "2005.12.19"]
[EventType "tourn"]
[EventRounds "11"]
[EventCountry "RUS"]
[EventCategory "17"]
[SourceTitle "CBM 111"]
[Source "ChessBase"]
[SourceDate "2006.04.04"]
[SourceVersion "1"]
[SourceVersionDate "2006.04.04"]
[SourceQuality "1"]

1. d4 d5 2. c4 c6 3. Nc3 Nf6 4. e3 e6 5. Nf3 Nbd7 6. Bd3 dxc4 7. Bxc4 b5 8. Bd3
a6 9. e4 c5 10. e5 cxd4 11. Nxb5 axb5 12. exf6 gxf6 13. O-O Qb6 14. Qe2 Ba6 15.
a4 {Nachdem 15.Rd1 lange Zeit als kritisch galt, wurde dieser Zug wieder aus
der Versenkung herausgeholt ... und zwar von Bareev selbst! Daher sollte man
annehmen, dass Bareev sich seiner Sache bewusst ist, wenn er sich nun mit den
schwarzen Steinen auf diese Variante einlässt. Jedoch geht Bareev im weiteren
Verlauf glatt unter.} Bg7 $146 {Der neue Zug.} (15... Nc5 16. axb5 Bb7 17.
Rxa8+ Bxa8 18. Nxd4 $5 $146 {Diese Neuerung beinhaltet ein Figurenopfer,
welches Schwarz jedoch nicht akzeptieren kann.} (18. Bf4 $5 {1/2-1/2 Bareev,
E-Shirov,A/Novgorod 1994/CBM 43/[Hansen,LB] (36)}) (18. Bc4 Nd7 19. Bf4 Bd6 20.
Bg3 Bxg3 21. hxg3 Ke7 $15 {Lautier,J-Illescas Cordoba,M/Las Palmas/1994/}) (18.
b4 Nxd3 19. Qxd3 e5 20. Bd2 Bd5 21. Re1 Be7 22. Qf5 Qb7 23. Nh4 Be6 24. Qd3 Kd7
25. Nf5 Rg8 26. Ng3 h5 $17 {0-1 Domotor,J-Lazovic,G/Zalakaros 1995/EXT 97 (42)}
) 18... Qd6 19. b6 Nxd3 {Schwarz kann es sich nicht leisten, den Springer zu
kassieren.} (19... Qxd4 20. Bb5+ Ke7 21. Be3 Qd5 22. f3 $1 $16 {und Schwarz
hat keine Verteidigung gegen Rc1 nebst Rd1.}) 20. Qxd3 Qxb6 21. Be3 $40 {
1/2-1/2 Bareev,E-Karjakin,S/Beer Sheva 2005/CBM 110/[Lutz] (59) Weiß spielt
auf den unrochierten König des Gegners. Schwarz muss genau agieren.}) (15...
Bd6 $6 16. a5 $1 Qc5 17. Qe4 Rb8 18. b4 $1 Qh5 19. Qxd4 $16 {Lautier,J-Morovic
Fernandez,I/Dos Hermanas/1994/}) 16. a5 {Weiß versichtet auf den sofortigen
Rückgewinn des Bauern, um dafür den Ba6 kaltzustellen.} Qd6 {Schwarz muss den
Pd4 verteidigen, da seine Stellung ansonsten keine positive Aspekte hat.} (
16... Qc5 17. b4 $1 Qxb4 18. Ba3 Qxa5 19. Bf8 $18) 17. Qe4 {Weiß bringt die
Dame in Stellung.} Rd8 18. Qg4 Kf8 19. Bf4 Ne5 20. Qh5 {Der schwarze König ist
in der Mitte steckengeblieben, man kann sagen, dass Bareevs
Eröffnungsbehandlung gescheitert ist. Dreev trägt den weiteren Angriff
kraftvoll vor.} Rc8 (20... Qd5 21. Bxe5 fxe5 22. Ng5 Rd7 23. Rfc1 $16) 21. Rae1
Rc5 22. b4 Rc3 23. Bxe5 fxe5 24. Ng5 Qe7 25. f4 $1 {Alle weißen Figuren wirken
beim Angriff mit.} e4 (25... f5 26. Bxf5 exf5 27. fxe5 Kg8 (27... Re3 28. Rxe3
dxe3 29. Rxf5+ Kg8 30. Qd1 Bb7 31. Qb3+) 28. Rxf5 h6 29. Ne4 Rc6 30. Ref1 Bc8
31. Rf7 Qe8 32. Nd6 $18) (25... Rxd3 26. fxe5 f5 27. exf6 $18) 26. Bxe4 h6 27.
Nf3 Qxb4 {Was sonst ?} 28. Ne5 Qe7 (28... Rc7 29. Bg6 fxg6 30. Nxg6+ Kg8 31.
Rxe6 Qc5 32. Qxc5 Rxc5 33. Rxa6 $18) 29. Bg6 $1 $18 b4 30. Bxf7 Bxf1 (30... Rc5
31. Bxe6 Qxe6 32. Ng6+ Kg8 33. Rxe6 Rxh5 34. Rxa6 $18) 31. Ng6+ Kxf7 32. Nxe7+
Kxe7 33. Qg4 1-0